Constructing the Filipina : (Record no. 18598)
[ view plain ]
| 000 -LEADER | |
|---|---|
| fixed length control field | 01330nam a2200241 a 4500 |
| 003 - CONTROL NUMBER IDENTIFIER | |
| control field | PILC |
| 005 - DATE AND TIME OF LATEST TRANSACTION | |
| control field | 20260121115529.0 |
| 008 - FIXED-LENGTH DATA ELEMENTS--GENERAL INFORMATION | |
| fixed length control field | 081210s2004 xx 00 eng d |
| 010 ## - LIBRARY OF CONGRESS CONTROL NUMBER | |
| LC control number | Acc#39874 |
| 020 ## - INTERNATIONAL STANDARD BOOK NUMBER | |
| International Standard Book Number | 9715424279 |
| 040 ## - CATALOGING SOURCE | |
| Transcribing agency | Philippine Baptist Theological Seminary |
| 050 ## - LIBRARY OF CONGRESS CALL NUMBER | |
| Classification number | Fil PN 56 .W6 |
| Item number | En12 2004 |
| 100 10 - MAIN ENTRY--PERSONAL NAME | |
| Personal name | Encanto, Georgina Reyes |
| 245 10 - TITLE STATEMENT | |
| Title | Constructing the Filipina : |
| Remainder of title | a history of women's magazines (1891-2002) / |
| Statement of responsibility, etc. | Georgina Reyes Encanto. |
| 260 0# - PUBLICATION, DISTRIBUTION, ETC (IMPRINT) | |
| Place of publication, distribution, etc. | Quezon City, Phils. : |
| Name of publisher, distributor, etc. | UP Press, |
| Date of publication, distribution, etc. | c2004. |
| 300 ## - PHYSICAL DESCRIPTION | |
| Extent | xi, 121 p. ; 23 cm. |
| 500 ## - GENERAL NOTE | |
| General note | Includes bibliographical references. |
| 505 ## - FORMATTED CONTENTS NOTE | |
| Formatted contents note | Gramsci's theory of hegemony, althusser's ideological state apparatuses, and popular culture -- Women's magazines in the Spanish Colonial period (1891-1898): subjugation and resistance to Feudalistic patriarchy -- Magazines in the American regime (1898-1945): Sites for negotiating women's rights -- The postwar years (1945-1971): deepening the colonial consciousness of the Filipina -- Women's magazines during the martial law years (1972-1986): Politicing women's magazines -- Women's magazines from 1986-2002: incorporation and resistance |
| 650 ## - SUBJECT ADDED ENTRY--TOPICAL TERM | |
| Topical term or geographic name as entry element | WOMEN'S PERIODICALS, PHILIPPINE |
| General subdivision | HISTORY |
| 650 ## - SUBJECT ADDED ENTRY--TOPICAL TERM | |
| Topical term or geographic name as entry element | WOMEN |
| General subdivision | PRESS COVERAGE, PHILIPPINES |
| 650 #4 - SUBJECT ADDED ENTRY--TOPICAL TERM | |
| Topical term or geographic name as entry element | WOMEN |
| General subdivision | PHILIPPINES |
| 942 ## - ADDED ENTRY ELEMENTS (KOHA) | |
| Koha item type | Circulation Books |
| Source of classification or shelving scheme | Library of Congress Classification |
| Withdrawn status | Lost status | Source of classification or shelving scheme | Damaged status | Not for loan | Home library | Current library | Shelving location | Date acquired | Source of acquisition | Total Checkouts | Full call number | Barcode | Date last seen | Date last checked out | Price effective from | Koha item type |
|---|---|---|---|---|---|---|---|---|---|---|---|---|---|---|---|---|
| Dewey Decimal Classification | PBTS Library | PBTS Library | Filipiniana Section | 12/10/2008 | Gift | 1 | Fil PN 56.W6 En12 2004 2 | 39874 | 02/04/2026 | 01/24/2020 | 04/02/2015 | Circulation Books | ||||
| Dewey Decimal Classification | PBTS Library | PBTS Library | Filipiniana Section | 05/04/2010 | Fil PN 56 .W6 En12 2004 | 38990 | 02/04/2026 | 04/02/2015 | Circulation Books |